Detalles MARC
| 000 -LIDER |
| fixed length control field |
01829nam a2200337 a 4500 |
| 001 - NÚMERO DE CONTROL |
| Identificador de número de control |
00167 |
| 003 - IDENTIFICACDOR DE NÚMERO DE CONTROL |
| control field |
DO-SdBNP |
| 005 - DATE AND TIME OF LATEST TRANSACTION |
| control field |
20180313123413.0 |
| 007 - CAMPOS FIJOS DE DESCRIPCIÓN FÍSICA |
| fixed length control field |
00167 |
| 008 - ELEMENTOS DE LONGITUD FIJA |
| fixed length control field |
150130s2001 dr 2001 000 0 spa d |
| 020 ## - ISBN |
| International Standard Book Number |
8482613421 |
| 040 ## - FUENTE DE CATALOGACIÓN |
| Agencia que crea de manera original el registro |
BPMSU |
| Idioma de catalogación |
spa |
| Agencia que realiza la transcripción |
BPMSU |
| 092 ## - LOCALLY ASSIGNED DEWEY DECIMAL CALL NUMBER |
| Número de clasificación |
373.7 |
| Número de ítem (Cutter) |
F316m 3ro. 2001 |
| 100 ## - ASIENTO PRINCIPAL -- NOMBRE PERSONAL |
| Nombre personal |
Féliz, Orelvis |
| 245 10 - MENCIÓN DE TITULO |
| Título |
Matemáticas 3 : |
| Subtítulo |
[educación media] / |
| Mención de responsabilidad |
Orelvis Féliz, Ramón Laurens |
| 260 ## - PUBLICACIÓN, DISTRIBUCIÓN, ETC. (PIE DE IMPRENTA) |
| Lugar de publicación, distribución, etc |
Santo Domingo : |
| Nombre del editor, distribuidor, etc. |
Santillana, |
| Fecha de publicación, distribución, etc |
2001. |
| 300 ## - DESCRIPCIÓN FÍSICA |
| Extensión |
279 p. : |
| Otros detalles físicos |
il., retrs. ; |
| Dimensiones |
28 cm. |
| 490 1# - MENCIÓN DE SERIES |
| Mención de serie |
Umbral |
| 505 1# - NOTA DE CONTENIDO |
| Título |
1er. curso / 2do. ciclo -- |
| -- |
Unidad 1: |Sistemas de ecuaciones -- |
| -- |
Unidad 2: Sistemas de inecuaciones -- |
| -- |
Unidad 3: Vectores -- |
| -- |
Unidad 4: Matrices y determinantes -- |
| -- |
Proyecto: ¿Cómo son tus hábitos de consumo? (I) -- |
| -- |
Unidad 5: La recta en el plano -- |
| -- |
Unidad 6: Funciones -- |
| -- |
Unidad 7: Las cónicas -- |
| -- |
Proyecto: ¿Cómo son tus hábitos de consumo? (II) -- |
| -- |
Unidad 8 : La circunferencia -- |
| -- |
Unidad 9: Área de figuras planas -- |
| -- |
Unidad 10: La función exponencial -- |
| -- |
Unidad 11: La función logarítmica -- |
| -- |
Proyecto: ¿Cómo crece la población mundial? (I) -- |
| -- |
Unidad 12 -- Ecuaciones exponenciales y logarítmicas -- |
| -- |
Unidad 13 -- Las funciones trigonométricas -- |
| -- |
Unidad 14 -- Sólidos geométricos -- |
| -- |
Proyecto: ¿Cómo crece la población mundia? (II) -- |
| 650 #4 - ENCABEZAMIENTO DE MATERIA--TEMÁTICO |
| Término temático o nombre geográfico como elemento de entrada |
EDUCACIÓN SECUNDARIA |
| Subdivisión geográfica |
REPÚBLICA DOMINICANA |
| 650 #4 - ENCABEZAMIENTO DE MATERIA--TEMÁTICO |
| Término temático o nombre geográfico como elemento de entrada |
MATEMÁTICAS |
| Subdivisión temática general |
LIBROS DE TEXTOS |
| 650 #4 - ENCABEZAMIENTO DE MATERIA--TEMÁTICO |
| Término temático o nombre geográfico como elemento de entrada |
MATEMÁTICAS |
| Subdivisión temática general |
ENSEÑANZA SECUNDARIA |
| 650 #4 - ENCABEZAMIENTO DE MATERIA--TEMÁTICO |
| Término temático o nombre geográfico como elemento de entrada |
MATEMÁTICAS |
| Subdivisión temática general |
ESTUDIOS Y EJERCICIOS |
| 700 1# - ASIENTO SECUNDARIO -- NOMBRE PERSONAL |
| Nombre personal |
Laurens, Ramón |
| 830 #0 - ASIENTO SECUNDARIO DE SERIE--TÍTULO UNIFORME |
| Título uniforme |
Umbral |
| 910 ## - VALIDACIÓN |
| Validación |
Validado. Control de calidad MFF |
| 942 ## - ADDED ENTRY ELEMENTS (KOHA) |
| Source of classification or shelving scheme |
Dewey Decimal Classification |
| Koha item type |
Libros |
| 945 ## - INFORMACIÓN DE PROCESAMIENTO LOCAL |
| Información de procesamiento local |
Remanejado para la BNPHU / 2018 VM |
| 956 ## - LOCAL ELECTRONIC LOCATION AND ACCESS (OCLC) |
| Nombre de host |
VMATEO |
| Número de acceso |
10 |
| Información de compresión |
20150717 |
| Inicio de sesión |
BPMSU |
| Procesador de solicitud |
00151 |
| 956 ## - LOCAL ELECTRONIC LOCATION AND ACCESS (OCLC) |
| Nombre de host |
BTAVÁREZ |
| Número de acceso |
10 |
| Información de compresión |
20160407 |
| Inicio de sesión |
BPMSU |
| Procesador de solicitud |
00167 |